[Event "Madrid-ch Sub16 2022"]
[Site "Madrid ESP"]
[Date "2022.04.02"]
[Round "1.1"]
[White "Bravo De la Vega, Alvaro"]
[Black "Portero Rubio, Martin"]
[Result "1-0"]
[WhiteElo "2086"]
[BlackElo "1880"]
[PlyCount "143"]
[EventDate "2022.04.02"]
[EventType "swiss"]
[EventRounds "6"]
[EventCountry "ESP"]
[SourceTitle "Ajedrez en Madrid"]
[Source "lmi"]
[SourceDate "2022.07.30"]
[SourceVersion "1"]
[SourceVersionDate "2022.07.30"]
[SourceQuality "1"]

1. e4 c5 2. Nf3 e6 3. b3 Nc6 4. Bb2 Nf6 5. e5 Nd5 6. c4 Nf4 7. g3 Ng6 8. Bg2
Be7 9. h4 f6 10. O-O Ngxe5 11. Nxe5 Nxe5 12. Bxe5 fxe5 13. Be4 O-O 14. Nc3 Rf6
15. Qh5 g6 16. Qxe5 d6 17. Qg5 Rf5 18. Qg4 Rf7 19. h5 g5 20. Qe2 Bf6 21. Bg2
Bd4 22. Rae1 Rb8 23. Bh3 Bxc3 24. dxc3 e5 25. Bg2 Be6 26. Rd1 Qd7 27. Qd2 Rd8
28. Qxg5+ Rg7 29. Qe3 Bg4 30. Bd5+ Kh8 31. h6 Rg6 32. Rd2 Qe7 33. Be4 Rg5 34.
Kg2 Rh5 35. Rh1 Qf7 36. Qxc5 Rf8 37. Qe3 Rxh1 38. Kxh1 Qh5+ 39. Kg1 Rf6 40. Bg2
Rxh6 41. Qxa7 Bf3 42. Qb8+ Kg7 43. Qc7+ Kg8 44. Qd8+ Kf7 45. Qd7+ Kg8 46. Bxf3
Qxf3 47. Qe8+ Kg7 48. Qe7+ Kh8 49. Qd8+ Kg7 50. Qg5+ Rg6 51. Qe7+ Qf7 52. Qxf7+
Kxf7 53. Kg2 Ke6 54. Rd1 Rg8 55. Rh1 Rg7 56. Rh6+ Kd7 57. Kf3 Rf7+ 58. Ke3 Kc6
59. f4 exf4+ 60. gxf4 Re7+ 61. Kd4 Rf7 62. Ke4 Re7+ 63. Kf5 Rf7+ 64. Rf6 Rg7
65. Rh6 Rf7+ 66. Kg5 Kd7 67. f5 Ke7 68. Re6+ Kd7 69. Re2 h5 70. Rh2 Rg7+ 71.
Kf6 Rh7 72. Kg6 1-0

[Event "Madrid-ch Sub16 2022"]
[Site "Madrid ESP"]
[Date "2022.04.02"]
[Round "1.2"]
[White "Ruiz Vazquez, Javier"]
[Black "Fernandez Rosado, Roberto"]
[Result "1-0"]
[WhiteElo "1859"]
[BlackElo "2063"]
[PlyCount "81"]
[EventDate "2022.04.02"]
[EventType "swiss"]
[EventRounds "6"]
[EventCountry "ESP"]
[SourceTitle "Ajedrez en Madrid"]
[Source "lmi"]
[SourceDate "2022.07.30"]
[SourceVersion "1"]
[SourceVersionDate "2022.07.30"]
[SourceQuality "1"]

1. e4 e5 2. Nf3 Nc6 3. Bb5 a6 4. Ba4 Nf6 5. d4 exd4 6. O-O Be7 7. e5 Nd5 8.
Nxd4 Nxd4 9. Qxd4 Nb6 10. Bb3 O-O 11. Nc3 d6 12. Be3 dxe5 13. Qxe5 Nd7 14. Qh5
Nf6 15. Qe2 Bg4 16. f3 Bf5 17. Rad1 Qc8 18. Bd4 Re8 19. Ne4 Nd7 20. Ng3 Bd6 21.
Qf2 Be6 22. Ne4 Bxb3 23. axb3 Be5 24. Rfe1 Bxd4 25. Qxd4 Nf8 26. Ng3 c5 27. Qc3
Rxe1+ 28. Rxe1 Ng6 29. Nh5 f6 30. Qc4+ Kh8 31. Qf7 Qe8 32. Qxb7 a5 33. Nxg7 Rb8
34. Qxb8 Qxb8 35. Re8+ Qxe8 36. Nxe8 f5 37. Nd6 Kg7 38. Nxf5+ Kf6 39. Nd6 Ke5
40. Nb7 Kd4 41. Kf2 1-0

[Event "Madrid-ch Sub16 2022"]
[Site "Madrid ESP"]
[Date "2022.04.02"]
[Round "1.3"]
[White "Tenorio Garcia, Joel"]
[Black "Serrano Ruiz, Miguel"]
[Result "0-1"]
[WhiteElo "2060"]
[BlackElo "1802"]
[PlyCount "140"]
[EventDate "2022.04.02"]
[EventType "swiss"]
[EventRounds "6"]
[EventCountry "ESP"]
[SourceTitle "Ajedrez en Madrid"]
[Source "lmi"]
[SourceDate "2022.07.30"]
[SourceVersion "1"]
[SourceVersionDate "2022.07.30"]
[SourceQuality "1"]

1. e4 c5 2. Nf3 d6 3. d4 Nf6 4. Nc3 cxd4 5. Nxd4 g6 6. Be3 Bg7 7. f3 O-O 8. Qd2
Nc6 9. Bc4 Bd7 10. O-O-O Rc8 11. Bb3 Ne5 12. h4 h5 13. Bg5 Rc5 14. Kb1 b5 15.
g4 a5 16. Bxf6 exf6 17. gxh5 gxh5 18. Rhg1 Kh7 19. Rg3 Bh6 20. Qg2 a4 21. Bd5
b4 22. Ncb5 Rxb5 23. Nxb5 Bxb5 24. Rg1 b3 25. axb3 axb3 26. Bxb3 Bc4 27. Bxc4
Nxc4 28. f4 Qb8 29. Rb3 Qa7 30. Rg3 Qb8 31. b3 Na3+ 32. Kb2 Nc4+ 33. Kb1 Na3+
34. Ka2 Qa8 35. Kb2 Nb5 36. Ra1 Qc8 37. Qe2 Nd4 38. Qd1 Bxf4 39. Qxh5+ Bh6 40.
c3 Ne6 41. Rag1 Qc5 42. Qxc5 Nxc5 43. Rg4 Re8 44. b4 Nxe4 45. Kc2 f5 46. R4g2
Rc8 47. Kb3 Rxc3+ 48. Ka4 f4 49. b5 f3 50. Rb2 f2 51. Rf1 Rc1 52. Rfxf2 Nxf2
53. Rxf2 Rc7 54. Rf6 d5 55. Rd6 Rc4+ 56. Ka5 d4 57. b6 Bd2+ 58. Kb5 Rb4+ 59.
Kc6 Kg7 60. Rd5 Bf4 61. Kc5 Rb1 62. Kc6 Rc1+ 63. Kb7 Rd1 64. Ka8 d3 65. Rf5 d2
66. Rxf4 Ra1+ 67. Kb8 d1=Q 68. Rc4 Qd6+ 69. Kb7 Rb1 70. Rc6 Qd7+ 0-1

[Event "Madrid-ch Sub16 2022"]
[Site "Madrid ESP"]
[Date "2022.04.02"]
[Round "1.4"]
[White "Martin Ramos, Hector"]
[Black "Rodriguez Avila, Alvaro"]
[Result "1/2-1/2"]
[WhiteElo "1728"]
[BlackElo "1987"]
[PlyCount "155"]
[EventDate "2022.04.02"]
[EventType "swiss"]
[EventRounds "6"]
[EventCountry "ESP"]
[SourceTitle "Ajedrez en Madrid"]
[Source "lmi"]
[SourceDate "2022.07.30"]
[SourceVersion "1"]
[SourceVersionDate "2022.07.30"]
[SourceQuality "1"]

1. e4 c5 2. Nf3 g6 3. d4 cxd4 4. Qxd4 Nf6 5. Nc3 Nc6 6. Qa4 d6 7. e5 dxe5 8.
Nxe5 Bd7 9. Nxd7 Qxd7 10. Be3 Bg7 11. Rd1 Qg4 12. Qb3 O-O 13. h3 Qb4 14. Be2
Rfd8 15. O-O Rac8 16. Bf3 Qxb3 17. cxb3 a6 18. Bb6 Rd7 19. Nd5 Nxd5 20. Bxd5
Nd4 21. Bxd4 Rxd5 22. Bxg7 Rxd1 23. Rxd1 Kxg7 24. Rd7 Rc1+ 25. Kh2 Rc2 26. Rxe7
Rxf2 27. Rxb7 Rxb2 28. a4 a5 29. Ra7 Rxb3 30. Rxa5 h5 31. h4 Kf6 32. Ra7 Ra3
33. a5 Ke6 34. a6 Ra4 35. Kh3 Kf6 36. Ra8 Kf5 37. g3 f6 38. a7 Ra2 39. Rb8 Rxa7
40. Rb5+ Ke6 41. Rb6+ Kf7 42. Kg2 Kg7 43. Kf3 g5 44. hxg5 fxg5 45. Rb5 Rf7+ 46.
Kg2 Kg6 47. Ra5 Rf6 48. Rb5 Ra6 49. Rb2 Ra4 50. Rf2 g4 51. Kh2 Ra3 52. Kg2 Kg5
53. Rf8 Ra2+ 54. Kg1 Rb2 55. Rc8 Kf5 56. Rc5+ Ke4 57. Rxh5 Kf3 58. Rf5+ Kxg3
59. Rf1 Rg2+ 60. Kh1 Rf2 61. Ra1 Kh3 62. Kg1 Rg2+ 63. Kh1 Rb2 64. Kg1 Re2 65.
Rb1 g3 66. Ra1 Rg2+ 67. Kh1 Re2 68. Kg1 Kg4 69. Ra4+ Kf3 70. Ra3+ Re3 71. Rxe3+
Kxe3 72. Kg2 Kf4 73. Kg1 Kg5 74. Kg2 Kg4 75. Kg1 Kf3 76. Kf1 Ke4 77. Kg2 Kf4
78. Kg1 1/2-1/2

[Event "Madrid-ch Sub16 2022"]
[Site "Madrid ESP"]
[Date "2022.04.02"]
[Round "1.5"]
[White "Torres Rebolledo, Victor"]
[Black "Jimenez Carrazoni, Javier"]
[Result "1-0"]
[WhiteElo "1966"]
[BlackElo "1617"]
[PlyCount "49"]
[EventDate "2022.04.02"]
[EventType "swiss"]
[EventRounds "6"]
[EventCountry "ESP"]
[SourceTitle "Ajedrez en Madrid"]
[Source "lmi"]
[SourceDate "2022.07.30"]
[SourceVersion "1"]
[SourceVersionDate "2022.07.30"]
[SourceQuality "1"]

1. d4 d5 2. c4 e6 3. Nc3 c5 4. cxd5 exd5 5. Nf3 Nc6 6. e3 Nf6 7. Be2 Be7 8.
dxc5 Bxc5 9. a3 O-O 10. b4 Bd6 11. Bb2 Re8 12. Nb5 a6 13. Nxd6 Qxd6 14. Nd2 Bf5
15. Nb3 a5 16. b5 a4 17. bxc6 axb3 18. cxb7 Rab8 19. Qxb3 Re7 20. Qb4 Qe6 21.
Ba6 Rd7 22. Qf4 Rd6 23. Rc1 Rdd8 24. Rc8 Nd7 25. Qxb8 1-0

[Event "Madrid-ch Sub16 2022"]
[Site "Madrid ESP"]
[Date "2022.04.02"]
[Round "1.6"]
[White "Martinez Garcia, Jorge"]
[Black "Candela Martin, Alvaro"]
[Result "0-1"]
[WhiteElo "1609"]
[BlackElo "1947"]
[PlyCount "72"]
[EventDate "2022.04.02"]
[EventType "swiss"]
[EventRounds "6"]
[EventCountry "ESP"]
[SourceTitle "Ajedrez en Madrid"]
[Source "lmi"]
[SourceDate "2022.07.30"]
[SourceVersion "1"]
[SourceVersionDate "2022.07.30"]
[SourceQuality "1"]

1. e4 e5 2. Nf3 Nc6 3. d4 exd4 4. Bc4 Bc5 5. c3 Nf6 6. e5 d5 7. Bb5 Ne4 8. cxd4
Bb6 9. Be3 O-O 10. Nc3 Bg4 11. h3 Bh5 12. g4 Bg6 13. h4 f6 14. h5 Be8 15. Bxc6
Bxc6 16. Qc2 Re8 17. Rd1 Nxc3 18. bxc3 Qd7 19. g5 Ba4 20. Qe2 Bxd1 21. Qxd1 f5
22. Bf4 Qc6 23. Qd3 Ba5 24. Bd2 Rf8 25. Nh4 Qd7 26. g6 h6 27. Rg1 c6 28. Bc1
Bd8 29. Qh3 Bxh4 30. Qxh4 Qd8 31. Qf4 Qa5 32. Qd2 c5 33. Rg3 Rac8 34. e6 cxd4
35. Qxd4 Rc4 36. Qe5 Re4+ 0-1

[Event "Madrid-ch Sub16 2022"]
[Site "Madrid ESP"]
[Date "2022.04.02"]
[Round "1.7"]
[White "Cuadrado Carmona, Javier"]
[Black "Ortega Sanchez Montañez, Marcos"]
[Result "0-1"]
[WhiteElo "1898"]
[BlackElo "1384"]
[PlyCount "71"]
[EventDate "2022.04.02"]
[EventType "swiss"]
[EventRounds "6"]
[EventCountry "ESP"]
[SourceTitle "Ajedrez en Madrid"]
[Source "lmi"]
[SourceDate "2022.07.30"]
[SourceVersion "1"]
[SourceVersionDate "2022.07.30"]
[SourceQuality "1"]

1. e4 c6 2. d4 d5 3. e5 Bf5 4. h4 h6 5. g4 Be4 6. f3 Bh7 7. Bd3 Bxd3 8. Qxd3 e6
9. Be3 Nd7 10. Nd2 Qc7 11. Ne2 Ne7 12. Nb3 Nc8 13. f4 Be7 14. c3 Ncb6 15. Nd2
c5 16. f5 c4 17. Qc2 Qc6 18. Nf4 Nf8 19. O-O-O O-O-O 20. Nh5 exf5 21. Qxf5+ Rd7
22. Nxg7 Na4 23. Qc2 b5 24. Nf5 Rb7 25. Nb1 b4 26. Nxe7+ Rxe7 27. cxb4 Qb5 28.
Nc3 Nxc3 29. bxc3 Nd7 30. a4 Qb7 31. g5 hxg5 32. hxg5 Rg8 33. Rh7 Rg6 34. Rf1
Nb8 35. Qf5+ Rge6 36. Rxf7 0-1

[Event "Madrid-ch Sub16 2022"]
[Site "Madrid ESP"]
[Date "2022.04.03"]
[Round "2.1"]
[White "Serrano Ruiz, Miguel"]
[Black "Bravo De la Vega, Alvaro"]
[Result "1/2-1/2"]
[WhiteElo "1802"]
[BlackElo "2086"]
[PlyCount "93"]
[EventDate "2022.04.02"]
[EventType "swiss"]
[EventRounds "6"]
[EventCountry "ESP"]
[SourceTitle "Ajedrez en Madrid"]
[Source "lmi"]
[SourceDate "2022.07.30"]
[SourceVersion "1"]
[SourceVersionDate "2022.07.30"]
[SourceQuality "1"]

1. e4 g6 2. d4 Bg7 3. Nf3 c6 4. Nc3 d5 5. e5 Nh6 6. Bd3 f6 7. exf6 exf6 8. O-O
O-O 9. Ne2 Bf5 10. Bxh6 Bxd3 11. Bxg7 Bxe2 12. Qxe2 Kxg7 13. Rfe1 Na6 14. Qe7+
Qxe7 15. Rxe7+ Rf7 16. Re2 Nc7 17. Rae1 Kf8 18. c3 Re8 19. Nd2 Rxe2 20. Rxe2
Re7 21. Kf1 Rxe2 22. Kxe2 Ne6 23. Ke3 Ke7 24. f3 h5 25. g3 Ng7 26. g4 g5 27.
Nf1 f5 28. h3 fxg4 29. fxg4 h4 30. Nd2 Ne6 31. Nf3 Kf6 32. b4 Ke7 33. a4 Kf6
34. a5 a6 35. Ng1 Nf4 36. Kd2 Ke6 37. Kc2 Kd6 38. Kb3 Kc7 39. Ka4 b6 40. axb6+
Kxb6 41. Ka3 Kb7 42. Kb3 Kc7 43. Ka3 Kb6 44. Ka4 Ka7 45. Kb3 Kb8 46. Ka4 Kc8
47. Kb3 1/2-1/2

[Event "Madrid-ch Sub16 2022"]
[Site "Madrid ESP"]
[Date "2022.04.03"]
[Round "2.2"]
[White "Gilardi Olarrea, Mikel"]
[Black "Torres Rebolledo, Victor"]
[Result "0-1"]
[WhiteElo "1374"]
[BlackElo "1966"]
[PlyCount "58"]
[EventDate "2022.04.02"]
[EventType "swiss"]
[EventRounds "6"]
[EventCountry "ESP"]
[SourceTitle "Ajedrez en Madrid"]
[Source "lmi"]
[SourceDate "2022.07.30"]
[SourceVersion "1"]
[SourceVersionDate "2022.07.30"]
[SourceQuality "1"]

1. d4 Nf6 2. c4 e6 3. Nf3 b6 4. g3 Bb7 5. Bg2 Be7 6. O-O O-O 7. Nc3 d5 8. Nd2
c5 9. dxc5 bxc5 10. Nb3 Bc6 11. Qc2 dxc4 12. Nd2 Bxg2 13. Kxg2 Nc6 14. Nxc4 Nb4
15. Qa4 Nfd5 16. Rd1 Qc7 17. e4 Nb6 18. Nxb6 axb6 19. Rd7 Qc8 20. Qd1 Bf6 21.
Bf4 Bd4 22. Rd6 e5 23. Be3 Qc7 24. Nb5 Qb7 25. Qg4 f5 26. Qh4 Qxe4+ 27. Qxe4
fxe4 28. Bxd4 exd4 29. a3 Nd3 0-1

[Event "Madrid-ch Sub16 2022"]
[Site "Madrid ESP"]
[Date "2022.04.03"]
[Round "2.3"]
[White "Candela Martin, Alvaro"]
[Black "Cuadrado Carmona, Javier"]
[Result "0-1"]
[WhiteElo "1947"]
[BlackElo "1898"]
[PlyCount "112"]
[EventDate "2022.04.02"]
[EventType "swiss"]
[EventRounds "6"]
[EventCountry "ESP"]
[SourceTitle "Ajedrez en Madrid"]
[Source "lmi"]
[SourceDate "2022.07.30"]
[SourceVersion "1"]
[SourceVersionDate "2022.07.30"]
[SourceQuality "1"]

1. e4 e5 2. Nf3 Nc6 3. Bc4 Bc5 4. O-O Nf6 5. d3 O-O 6. c3 d5 7. exd5 Nxd5 8.
Re1 Bg4 9. h3 Bh5 10. Nbd2 Nb6 11. Bb5 Bd6 12. Qc2 Re8 13. a4 a6 14. Bxc6 bxc6
15. c4 Nd7 16. b3 Rb8 17. Bb2 Bg6 18. Bc3 Nc5 19. Re3 f6 20. b4 Nxd3 21. Rxd3
e4 22. Rxd6 Qxd6 23. Nh4 e3 24. Nxg6 exd2 25. Nh4 Re2 26. Nf3 Rd8 27. Rd1 Rde8
28. Bxd2 Qxb4 29. Qxh7+ Kxh7 30. Bxb4 Rc2 31. Rd4 Ree2 32. Be1 Rc1 33. Kf1 Rec2
34. Nd2 Ra2 35. Nb3 Rb1 36. Nc5 f5 37. Rd3 Rc1 38. Rc3 Rxc3 39. Bxc3 Rc2 40.
Be1 Rxc4 41. Nxa6 Rxa4 42. Nxc7 Kg6 43. Ke2 Ra7 44. Bc3 Rxc7 45. Be5 Rd7 46. f4
c5 47. g4 c4 48. gxf5+ Kxf5 49. Ke3 g5 50. Kf3 Rd3+ 51. Ke2 Rxh3 52. Kd2 gxf4
53. Bc7 Ke4 54. Bb6 f3 55. Bg1 c3+ 56. Kc2 f2 0-1

[Event "Madrid-ch Sub16 2022"]
[Site "Madrid ESP"]
[Date "2022.04.03"]
[Round "2.4"]
[White "Rodriguez Avila, Alvaro"]
[Black "Ruiz Vazquez, Javier"]
[Result "1-0"]
[WhiteElo "1987"]
[BlackElo "1859"]
[PlyCount "121"]
[EventDate "2022.04.02"]
[EventType "swiss"]
[EventRounds "6"]
[EventCountry "ESP"]
[SourceTitle "Ajedrez en Madrid"]
[Source "lmi"]
[SourceDate "2022.07.30"]
[SourceVersion "1"]
[SourceVersionDate "2022.07.30"]
[SourceQuality "1"]

1. e4 g6 2. d4 Bg7 3. Nc3 d6 4. f4 c6 5. Nf3 b5 6. a3 Bg4 7. Be2 Nf6 8. O-O O-O
9. Be3 a5 10. e5 Ne8 11. h3 Bc8 12. d5 dxe5 13. fxe5 Bb7 14. e6 fxe6 15. dxc6
Nxc6 16. Bxb5 Nd6 17. Qe2 Nf5 18. Rad1 Ng3 19. Qc4 Qc8 20. Rfe1 Nf5 21. Bb6 Nd6
22. Rxd6 exd6 23. Rxe6 Kh8 24. Rxd6 Ne7 25. Ng5 Qxc4 26. Bxc4 Rac8 27. Bb3 Bf6
28. Nf7+ Rxf7 29. Bxf7 Kg7 30. Bb3 Bc6 31. Bd4 Bxd4+ 32. Rxd4 Nf5 33. Rd3 Re8
34. Bd5 Bxd5 35. Rxd5 Re1+ 36. Kf2 Rc1 37. Rd2 Kf6 38. Nd5+ Ke5 39. Ne3 Nd6 40.
Rd5+ Ke6 41. Rxa5 Ne4+ 42. Kf3 Nd2+ 43. Ke2 Ne4 44. Ra7 Ng3+ 45. Kf3 Nf5 46.
Nxf5 gxf5 47. Rc7 Rf1+ 48. Ke2 Rg1 49. Kf2 Rb1 50. b3 Ra1 51. a4 Rd1 52. a5
Rd2+ 53. Kf3 Rd6 54. b4 Rd4 55. c3 Rd3+ 56. Ke2 Rg3 57. Kf2 Rd3 58. a6 Rd2+ 59.
Kg3 Ke5 60. Re7+ Kf6 61. a7 1-0

[Event "Madrid-ch Sub16 2022"]
[Site "Madrid ESP"]
[Date "2022.04.03"]
[Round "2.5"]
[White "Fernandez Rosado, Roberto"]
[Black "Martin Ramos, Hector"]
[Result "0-1"]
[WhiteElo "2063"]
[BlackElo "1728"]
[PlyCount "82"]
[EventDate "2022.04.02"]
[EventType "swiss"]
[EventRounds "6"]
[EventCountry "ESP"]
[SourceTitle "Ajedrez en Madrid"]
[Source "lmi"]
[SourceDate "2022.07.30"]
[SourceVersion "1"]
[SourceVersionDate "2022.07.30"]
[SourceQuality "1"]

1. e4 c5 2. Nf3 a6 3. d4 cxd4 4. Nxd4 Nf6 5. Nc3 e5 6. Nb3 Nc6 7. Be2 Be7 8.
O-O d6 9. Be3 O-O 10. f3 Be6 11. Nd5 Bxd5 12. exd5 Nb8 13. c4 Nbd7 14. Qd2 b6
15. Rac1 a5 16. a4 Nc5 17. Nxc5 bxc5 18. Bd3 Rb8 19. Rb1 Rb7 20. Bc2 Kh8 21.
Qd3 g6 22. f4 Ng4 23. Bd2 f5 24. Qf3 Bf6 25. h3 e4 26. Qg3 Bd4+ 27. Kh1 Nf6 28.
Qe1 Nh5 29. Bd1 Qf6 30. Bxh5 gxh5 31. Bxa5 Rg8 32. Bc3 Qg7 33. Rg1 Rb3 34. a5
Bxc3 35. bxc3 Rxc3 36. Rb7 Qd4 37. Qh4 Rcg3 38. Qxh5 Qxg1+ 39. Kxg1 Rxg2+ 40.
Kf1 Rg1+ 41. Ke2 R8g2+ 0-1

[Event "Madrid-ch Sub16 2022"]
[Site "Madrid ESP"]
[Date "2022.04.03"]
[Round "2.7"]
[White "Portero Rubio, Martin"]
[Black "Martinez Garcia, Jorge"]
[Result "1/2-1/2"]
[WhiteElo "1880"]
[BlackElo "1609"]
[PlyCount "101"]
[EventDate "2022.04.02"]
[EventType "swiss"]
[EventRounds "6"]
[EventCountry "ESP"]
[SourceTitle "Ajedrez en Madrid"]
[Source "lmi"]
[SourceDate "2022.07.30"]
[SourceVersion "1"]
[SourceVersionDate "2022.07.30"]
[SourceQuality "1"]

1. e4 c5 2. Nc3 Nc6 3. Bb5 Nd4 4. Bc4 e6 5. Nf3 a6 6. a4 g6 7. O-O Bg7 8. d3 h6
9. Nxd4 cxd4 10. Ne2 Ne7 11. f4 b6 12. Ng3 d5 13. Bb3 dxe4 14. dxe4 O-O 15. Qe2
Qc7 16. Bd2 a5 17. Bc4 Qc5 18. Kh1 Bb7 19. f5 exf5 20. exf5 Nxf5 21. Nxf5 gxf5
22. Bd3 Rae8 23. Qh5 Qc6 24. Rf2 Qg6 25. Qxf5 Qxf5 26. Rxf5 Be4 27. Bxe4 Rxe4
28. Raf1 Re2 29. R5f2 Rfe8 30. g3 Bf8 31. Kg2 Bc5 32. Bxh6 d3 33. cxd3 Rxf2+
34. Rxf2 Bxf2 35. Kxf2 Kh7 36. Be3 Re6 37. Kf3 Kg6 38. d4 f5 39. Bf4 b5 40.
axb5 Rb6 41. Bc7 Rxb5 42. h4 a4 43. d5 Rxd5 44. Kf4 Rb5 45. Be5 Rb4+ 46. Kf3
Kh5 47. Bf6 Rc4 48. Be5 Kg6 49. Bh8 Rb4 50. Be5 Kf7 51. Bh8 1/2-1/2

[Event "Madrid-ch Sub16 2022"]
[Site "Madrid ESP"]
[Date "2022.04.03"]
[Round "2.8"]
[White "Ortega Sanchez Montañez, Marcos"]
[Black "Karunanithi, Bharath"]
[Result "0-1"]
[WhiteElo "1384"]
[BlackElo "1676"]
[PlyCount "80"]
[EventDate "2022.04.02"]
[EventType "swiss"]
[EventRounds "6"]
[EventCountry "ESP"]
[SourceTitle "Ajedrez en Madrid"]
[Source "lmi"]
[SourceDate "2022.07.30"]
[SourceVersion "1"]
[SourceVersionDate "2022.07.30"]
[SourceQuality "1"]

1. d4 Nf6 2. c4 e6 3. Nf3 b6 4. Bg5 Bb4+ 5. Nc3 Bb7 6. e3 h6 7. Bxf6 Qxf6 8.
Be2 Bxc3+ 9. bxc3 c5 10. Qc2 Nc6 11. Rd1 Na5 12. d5 Ba6 13. dxe6 fxe6 14. Nd2
O-O 15. O-O d5 16. Nf3 Bxc4 17. Rc1 Bxe2 18. Qxe2 Nc4 19. e4 Ne5 20. Nxe5 Qxe5
21. Rfe1 Rae8 22. exd5 Qxe2 23. Rxe2 exd5 24. Kf1 Rxe2 25. Kxe2 Re8+ 26. Kf3
Kf7 27. Rc2 Kf6 28. Rd2 Re5 29. g4 g5 30. Kg3 Ke6 31. h4 Re1 32. hxg5 hxg5 33.
Rb2 Ke5 34. Kf3 Re4 35. Rb3 Rf4+ 36. Kg3 Ke4 37. Ra3 Rf7 38. Rb3 Kd3 39. f3 c4
40. Ra3 Ke3 0-1

[Event "Madrid-ch Sub16 2022"]
[Site "Madrid ESP"]
[Date "2022.04.03"]
[Round "3.1"]
[White "Torres Rebolledo, Victor"]
[Black "Cuadrado Carmona, Javier"]
[Result "1/2-1/2"]
[WhiteElo "1966"]
[BlackElo "1898"]
[PlyCount "40"]
[EventDate "2022.04.02"]
[EventType "swiss"]
[EventRounds "6"]
[EventCountry "ESP"]
[SourceTitle "Ajedrez en Madrid"]
[Source "lmi"]
[SourceDate "2022.07.30"]
[SourceVersion "1"]
[SourceVersionDate "2022.07.30"]
[SourceQuality "1"]

1. c4 Nf6 2. Nc3 d5 3. cxd5 Nxd5 4. g3 g6 5. Bg2 Nxc3 6. bxc3 Bg7 7. Rb1 c6 8.
h4 h5 9. Nf3 Nd7 10. Qc2 Nc5 11. d3 O-O 12. O-O Qa5 13. Bd2 Rd8 14. c4 Qc7 15.
Be3 Ne6 16. Rfd1 c5 17. Kh2 Kh7 18. Kg1 Kg8 19. Kh2 Kh7 20. Kg1 Kg8 1/2-1/2

[Event "Madrid-ch Sub16 2022"]
[Site "Madrid ESP"]
[Date "2022.04.03"]
[Round "3.2"]
[White "Bravo De la Vega, Alvaro"]
[Black "Rodriguez Avila, Alvaro"]
[Result "1-0"]
[WhiteElo "2086"]
[BlackElo "1987"]
[PlyCount "103"]
[EventDate "2022.04.02"]
[EventType "swiss"]
[EventRounds "6"]
[EventCountry "ESP"]
[SourceTitle "Ajedrez en Madrid"]
[Source "lmi"]
[SourceDate "2022.07.30"]
[SourceVersion "1"]
[SourceVersionDate "2022.07.30"]
[SourceQuality "1"]

1. e4 c5 2. Nf3 d6 3. Bb5+ Bd7 4. Bxd7+ Qxd7 5. O-O Nc6 6. d4 cxd4 7. Nxd4 Nf6
8. f3 g6 9. Be3 Bg7 10. c4 O-O 11. Nc3 Rfc8 12. Nxc6 Qxc6 13. Rc1 a6 14. b3 Qc7
15. Qd2 Qa5 16. Nd5 Qxd2 17. Nxf6+ Bxf6 18. Bxd2 Bb2 19. Rc2 Bd4+ 20. Kh1 Kf8
21. g3 Ke8 22. Kg2 b5 23. Rfc1 Kd7 24. Kf1 f5 25. cxb5 Rxc2 26. Rxc2 axb5 27.
Ke2 fxe4 28. fxe4 Rf8 29. Be3 Bxe3 30. Kxe3 Ke6 31. a4 Ra8 32. Ra2 Ke5 33. a5
b4 34. a6 e6 35. Ra5+ d5 36. exd5 exd5 37. Kd3 Ra7 38. Ke3 Kd6 39. Kd4 Kc6 40.
Rc5+ Kb6 41. Rxd5 Kxa6 42. Kc4 Rb7 43. Rc5 Re7 44. Kxb4 Kb6 45. Rb5+ Kc6 46.
Rg5 Re6 47. h4 h6 48. Rc5+ Kb6 49. Rc4 h5 50. Rf4 Rc6 51. Re4 Kc7 52. Rc4 1-0

[Event "Madrid-ch Sub16 2022"]
[Site "Madrid ESP"]
[Date "2022.04.03"]
[Round "3.3"]
[White "Martin Ramos, Hector"]
[Black "Serrano Ruiz, Miguel"]
[Result "1/2-1/2"]
[WhiteElo "1728"]
[BlackElo "1802"]
[PlyCount "83"]
[EventDate "2022.04.02"]
[EventType "swiss"]
[EventRounds "6"]
[EventCountry "ESP"]
[SourceTitle "Ajedrez en Madrid"]
[Source "lmi"]
[SourceDate "2022.07.30"]
[SourceVersion "1"]
[SourceVersionDate "2022.07.30"]
[SourceQuality "1"]

1. e4 c5 2. Nf3 d6 3. c3 Nf6 4. Be2 Nc6 5. d4 cxd4 6. cxd4 g6 7. Nc3 Bg7 8. O-O
O-O 9. h3 d5 10. e5 Ne4 11. Bd3 Nxc3 12. bxc3 a6 13. Rb1 Na5 14. Ba3 b5 15. Nd2
Qc7 16. Bb4 Nc4 17. Nxc4 dxc4 18. Be4 Bb7 19. Qf3 Bxe4 20. Qxe4 Rfe8 21. f4
Rab8 22. Rfd1 Red8 23. Kh1 Bf8 24. d5 a5 25. Ba3 Qb7 26. Qd4 Rd7 27. Qc5 Qb6
28. Qxb6 Rxb6 29. Bc5 Rb8 30. a4 Rdb7 31. axb5 Rxb5 32. Rxb5 Rxb5 33. d6 exd6
34. Bxd6 Rb3 35. Bxf8 Kxf8 36. Rd8+ Ke7 37. Ra8 Rxc3 38. Rxa5 Rd3 39. Rc5 Rd4
40. g3 Rd3 41. Rxc4 Rxg3 42. Kh2 1/2-1/2

[Event "Madrid-ch Sub16 2022"]
[Site "Madrid ESP"]
[Date "2022.04.03"]
[Round "3.4"]
[White "Jimenez Carrazoni, Javier"]
[Black "Candela Martin, Alvaro"]
[Result "1/2-1/2"]
[WhiteElo "1617"]
[BlackElo "1947"]
[PlyCount "145"]
[EventDate "2022.04.02"]
[EventType "swiss"]
[EventRounds "6"]
[EventCountry "ESP"]
[SourceTitle "Ajedrez en Madrid"]
[Source "lmi"]
[SourceDate "2022.07.30"]
[SourceVersion "1"]
[SourceVersionDate "2022.07.30"]
[SourceQuality "1"]

1. d4 d5 2. Bf4 e6 3. e3 Bd6 4. Qg4 Qf6 5. Bxd6 cxd6 6. Nc3 Ne7 7. Nb5 Kd7 8.
c4 dxc4 9. Bxc4 a6 10. Nc3 b5 11. Bd5 Nbc6 12. Bxc6+ Nxc6 13. Nd5 Qd8 14. Rc1
h5 15. Qh3 g5 16. Nc3 g4 17. Qg3 Nb4 18. Kd2 Bb7 19. a3 h4 20. Qxg4 Rg8 21. Qf4
Bxg2 22. axb4 Bxh1 23. f3 f5 24. d5 Qg5 25. dxe6+ Kxe6 26. Qd4 Bxf3 27. Nxf3
Qg2+ 28. Ne2 Qxf3 29. Qxh4 Rg2 30. Qh6+ Ke5 31. Re1 Qd5+ 32. Kc1 Rc8+ 33. Kb1
Qd3+ 34. Ka1 Rxe2 35. Qg7+ Kd5 36. Qb7+ Rc6 37. Qf7+ Ke4 38. Qe8+ Kf3 39. Qxc6+
Qe4 40. Rf1+ Rf2 41. Qc1 Qxe3 42. Qc6+ Qe4 43. Qc3+ Kg2 44. Re1 Qxe1+ 45. Qxe1
Rf1 46. Qxf1+ Kxf1 47. h4 Kg2 48. h5 f4 49. h6 f3 50. h7 f2 51. h8=Q f1=Q+ 52.
Ka2 Qc4+ 53. Ka3 Qd3+ 54. Ka2 Qd5+ 55. Ka3 Qf3+ 56. Ka2 d5 57. Qg7+ Kf1 58. Qd4
Qe4 59. Qd1+ Kf2 60. Qd2+ Kf3 61. Qd1+ Kf4 62. Qd2+ Kf5 63. Qf2+ Qf4 64. Qc2+
Ke6 65. Qc8+ Ke5 66. Qc7+ Kf5 67. Qh7+ Kf6 68. Qh8+ Kf7 69. Qh5+ Ke7 70. Qxd5
Qf7 71. Qxf7+ Kxf7 72. Kb3 Ke6 73. Kc3 1/2-1/2

[Event "Madrid-ch Sub16 2022"]
[Site "Madrid ESP"]
[Date "2022.04.03"]
[Round "3.5"]
[White "Ruiz Vazquez, Javier"]
[Black "Gilardi Olarrea, Mikel"]
[Result "1-0"]
[WhiteElo "1859"]
[BlackElo "1374"]
[PlyCount "41"]
[EventDate "2022.04.02"]
[EventType "swiss"]
[EventRounds "6"]
[EventCountry "ESP"]
[SourceTitle "Ajedrez en Madrid"]
[Source "lmi"]
[SourceDate "2022.07.30"]
[SourceVersion "1"]
[SourceVersionDate "2022.07.30"]
[SourceQuality "1"]

1. e4 c5 2. Nf3 d6 3. d4 cxd4 4. Nxd4 Nf6 5. Nc3 a6 6. f3 e5 7. Nb3 Be7 8. Be3
Nbd7 9. Qd2 b5 10. O-O-O Qc7 11. g4 Nc5 12. Nxc5 dxc5 13. g5 b4 14. gxf6 bxc3
15. Qxc3 gxf6 16. Rg1 Be6 17. Bc4 Qb6 18. Bxe6 Qxe6 19. Qa5 Rb8 20. Qa4+ Kf8
21. Bh6# 1-0